HIV-AIDS: What about very young children?

Gardado en:
Detalles Bibliográficos
Autor Principal: Dunn, Alison (Author)
Formato: Libro
Idioma:inglés
Publicado: La Haya Bernard van Leer Foundation 2005
Series:Early Childhood Development, 35
Subjects:
Tags: Engadir etiqueta
Sen Etiquetas, Sexa o primeiro en etiquetar este rexistro!

MARC

LEADER 00000nam a2200000 a 4500
001 UCK5508
003 CL-VaPUC
008 050805e20050300NE |||||||||||||||||eng|d
020 |a 9061950791 
082 0 4 |a 618.929792  |b DUN  |2 21 
100 0 |a Dunn, Alison  |e author  |9 494299 
245 1 0 |a HIV-AIDS: What about very young children? 
300 |a 56 p 
942 |c BK 
945 |d 20050805 00:00:00  |a cmena 
260 |a La Haya  |b Bernard van Leer Foundation  |c 2005 
650 0 |a SIDA (Síndrome de Inmunodeficiencia Adquirida)  |9 256118 
650 0 |a Niños  |9 255605 
583 |a last modification  |c 20050805 00:00:00  |k Rodrigo Vera 
490 0 |a Early Childhood Development, 35 
999 |c 314014  |d 314012 
952 |0 0  |1 0  |4 0  |6 618_929792000000000_DUN_2005  |7 0  |8 P  |9 385885  |a BIBEDU  |b BIBEDU  |c BIBEDU_PB  |d 2019-11-22  |i 4150406  |o 618.929792 DUN 2005  |p 4150406  |r 2024-01-25  |w 2019-11-22  |y BK  |k EBA